| 000 | 03390nam a2200385 i 4500 | ||
|---|---|---|---|
| 001 | 000017895 | ||
| 003 | DO-SdBNP | ||
| 005 | 20260224090006.0 | ||
| 007 | ta | ||
| 008 | 100407s1974 dr 000 e spa d | ||
| 040 |
_aDO-SdBNP _bspa _cBNPHU _erda |
||
| 041 | _aspa | ||
| 082 | 4 |
_aRD864.42 _bH519d _222 |
|
| 100 | 1 |
_aHenríquez Ureña, Pedro, _d1884-1946 _eautor _4aut. _91718 |
|
| 245 | 1 | 0 |
_aDe mi patria / _cPedro Henríquez Ureña ; selección, juicios, presentación y notas de Jorge Tena Reyes. |
| 264 |
_aSanto Domingo, República Dominicana : _bSecretaría de Educación, _c1974. |
||
| 300 |
_a418 páginas ; _c21 cm. |
||
| 336 |
_atexto _btxt _2rdacontent |
||
| 337 |
_asin mediación _bn _2rdamedia |
||
| 338 |
_avolumen _bnc _2rdacarrier |
||
| 490 | 0 |
_aBiblioteca Pedro Henríquez Ureña _v3 |
|
| 500 | _aIncluye referencias bibliográficas y notas al pie de páginas | ||
| 504 | _aBibliografía: páginas 385-387 | ||
| 505 | 0 | _aI.- Presentación, juicios y notas / Jorge Tena Reyes -- II.- Dominicanidad de Pedro Henríquez Ureña / Emilio Rodríguez Demorizi -- III.- Ensayos : José Joaquín Pérez (1845-1900) -- La sociología de Hostos -- Gastón Fernando Deligne -- Vida intelectual de Santo Domingo -- Literatura dominicana -- Bibliografía literaria de Santo Domingo -- Reseña cultural -- Las literaturas iberoamericanas: La República Dominicana -- Palabras antillanas en el diccionario de la academia -- El enigma del aje -- El idioma español y la historia política en Santo Domingo -- La emancipación y primer período de la vida independiente en la isla de Santo Domingo -- Historia contemporánea de la isla de Santo Domingo -- IV.- Artículos : Virginia Elena Ortea -- Hostos -- La muerte de Santo Domingo -- Salomé Ureña de Henríquez -- García Godoy -- Apuntes sobre poetas de la Antillas -- Primer libro de escritores americanos -- Héroes de sacrificio -- Antologías dominicanas -- Casa de apostoles -- La Catedral. | |
| 505 | 0 | _aV.- Labor Nacionalista : La República Dominicana -- Hacienda y diplomacia -- Desalojo de los pueblos débiles --Memorandum sobre Santo Domingo -- El Dr. Henríquez en la Universidad de Minnesota -- My country This of thee (Mi país, es de tí) -- México y el panamericanismo -- VI.- Epistolario: Literatura histórica -- Sobre Deligne -- Un libro! Carta a Enríque AP. Henríquez -- Acerca de una obra de Flérida de Nolasco -- VII.- Varios: Breves nociones de filosofía -- Cultura antigua de Santo Domingo -- Palabras indígenas -- Página de historia -- Woss y Gil y los Pinos del Niágara -- Palabras del superintendente general de enseñanza, Dr. Pedro Henríquez Ureña, en la inauguración del mausoleo de Luisa Ozama Pellerano de Henríquez, 28 de marzo de 1933 -- La canción fugitiva -- Declaraciones de Pedro Henríquez Ureña en Puerto Rico, sobre nuestra literatura -- Lo agradece pero lo lamenta -- Palabras en la investidura de bachilleres... | |
| 590 | _aInventariado, 2020/VM | ||
| 600 | 1 | 0 |
_aHenríquez Ureña, Pedro, _d1884-1946 _xCrítica e interpretación _91718 |
| 650 | 4 |
_aEnsayos dominicanos _965 |
|
| 650 | 4 |
_aIntelectuales _zRepública Dominicana _91721 |
|
| 650 | 4 |
_aCultura _zRepública Dominicana _91983 |
|
| 650 | 4 |
_aLiteratura dominicana. _967 |
|
| 700 | 1 |
_aTena Reyes, Jorge, _ecompilador _4comp. _98252 |
|
| 910 | _aValidado. Control de calidad EMS | ||
| 942 |
_2ddc _cLBS1 |
||
| 999 |
_c17419 _d17419 |
||